000 00768nam a2200253Ia 4500
001 dia_3885
003 CHAP
005 20251029154718.0
008 220117s1999 xx 000 0 und d
010 _a174492
040 _cCHAP
_amxchpua
090 _aFOLLETO 2622
100 _aBanco Nacional de Comercio Exterior
_9155517
245 _aEspaña : perfil de aguacate /
_c Banco Nacional de Comercio Exterior
260 _aMéxico :
_b BANCOMEXT,
_c1999
300 _a10 p.
500 _aC/e \(Estudios y perfiles de mercado ; 195)
650 _aAguacate
_xMercadeo
_92534
650 _aEspaña
_xMercadeo
_9155520
901 _aFOLLETO 2622
902 _aM
905 _a0000001999 mx 0000000000spa00
942 _cFOLL
_2local
999 _c174492
_d174492